| 000 | 00547nam a2200217 a 4500 | ||
|---|---|---|---|
| 999 |
_c3952 _d3952 |
||
| 001 | 3952 | ||
| 003 | BD-JhCC | ||
| 005 | 20171119210741.0 | ||
| 008 | 171119s1958 bg |||| ||a| 00| 0 en d | ||
| 035 | _a(BD-JhCC)3952 | ||
| 040 |
_aBD-JhCC _dBD-JhCC |
||
| 041 | _aben | ||
| 082 |
_a891.7 _bBEN 1958 |
||
| 100 | _aBinfield, R. D. | ||
| 245 |
_aTales From Tolstoy / _cR. D. Binfield |
||
| 260 |
_aDhaka : _bOxford University Press, _c1958. |
||
| 300 |
_a91 p. : _c20 cm. |
||
| 650 | _aShort stories, Russion | ||
| 942 |
_2ddc _cBK |
||